Problemas de la economía iberoaméricana / (Registro nro. 3640)

Detalles MARC
000 -LEADER
fixed length control field 00897nam a2200205Ia 4500
003 - CONTROL NUMBER IDENTIFIER
control field OSt
005 - DATE AND TIME OF LATEST TRANSACTION
control field 20200716180732.0
008 - FIXED-LENGTH DATA ELEMENTS--GENERAL INFORMATION
fixed length control field 191128s1959 sp fr 000 0 spa d
040 ## - CATALOGING SOURCE
Original cataloging agency CO-JMCR
Transcribing agency CO-JMCR
041 0# - LANGUAGE CODE
Language code of text/sound track or separate title spa
082 04 - DEWEY DECIMAL CLASSIFICATION NUMBER
Classification number 338.98 /
Item number F954p
Edition number 23
100 1# - MAIN ENTRY--PERSONAL NAME
Personal name Fuentes Irurozqui, Manuel,
Relator term autor
9 (RLIN) 7438
245 10 - TITLE STATEMENT
Title Problemas de la economía iberoaméricana /
Statement of responsibility, etc. Manuel Fuentes Irurozqui
260 ## - PUBLICATION, DISTRIBUTION, ETC.
Place of publication, distribution, etc. Madrid :
Name of publisher, distributor, etc. Cultura Hispánica,
Date of publication, distribution, etc. 1959
300 ## - PHYSICAL DESCRIPTION
Extent 109 páginas ;
Dimensions 21 cm.
505 0# - FORMATTED CONTENTS NOTE
Formatted contents note Unas palabras preliminares -- Geoeconómica de Iberoamérica -- El medio físico y su influencia -- El relieve y el suelo -- Tierras y mares
520 3# - SUMMARY, ETC.
Summary, etc. De extraordinaria importancia y más alto interés se conoce acerca de los diversos problemas económicos que tienen al presente planteados en el mundo.
650 14 - SUBJECT ADDED ENTRY--TOPICAL TERM
Topical term or geographic name entry element Economía iberoamericana
General subdivision problemas sociales
9 (RLIN) 7439
942 ## - ADDED ENTRY ELEMENTS (KOHA)
Source of classification or shelving scheme Dewey Decimal Classification
Koha item type Books
Existencias
Withdrawn status Lost status Source of classification or shelving scheme Damaged status Not for loan Collection code Home library Current library Date acquired Source of acquisition Full call number Barcode Date last seen Copy number Koha item type
    Dewey Decimal Classification     Non-fiction Biblioteca Pública José María del Castillo y Rada Biblioteca Pública José María del Castillo y Rada 07/12/2018 Donación 338.98 / F954p 201807515 05/16/2024 Ej.1 Books